Callejeros - Todas sus canciones - Estadísticas

Estadísticas generales
  • Esta prueba ha sido intentada 13 veces
  • La puntuación promedio es 43 de 70
Estadísticas de respuestas
Hint Respuesta % Correcto
11 Rocanroles sin destino
100%
11 Sed
100%
10 9 de Julio
91%
4 Creo
91%
2 Presión
91%
11 Señales
91%
5 Jugando
82%
7 Cristal
73%
7 Día a día
73%
1 Distinto
73%
3 El nudo
73%
5 Frente al río
73%
1 Guiños
73%
12 La llave
73%
3 Límites
73%
8 Prohibido
73%
2 Puede
73%
7 Quedó
73%
2 Rompiendo espejos
73%
2 Sé que no sé
73%
8 Sonando
73%
8 Sueño
73%
3 Tres
73%
4 Una nueva noche fría
73%
14 Canciones y almas
64%
1 Daños
64%
12 Desencuentro
64%
13 El duende del árbol
64%
2 El espejo
64%
5 Fantasía y realidad
64%
9 Hoy
64%
14 Ilusión
64%
10 Lo que hay
64%
4 Milonga del rocanrol
64%
6 Morir
64%
1 Otro viento mejor
64%
13 Parte menor
64%
5 Rebelde, agitador y revolucionario
64%
3 Sería una pena
64%
10 Si me cansé
64%
6 Sin paciencia
64%
12 Si querés que sea yo
64%
6 Un lugar perfecto
64%
6 Vicioso, jugador y mujeriego
64%
11 Ahogados de razón
55%
9 Callejero de Boedo
55%
3 La canción
55%
1 Los invisibles
55%
6 Más allá
55%
7 Palo borracho
55%
13 Pompeya
55%
4 Rehén
55%
9 Tan perfecto que asusta
55%
10 Teatro
55%
9 Tiempo de estar
55%
10 Tratando de olvidar
55%
11 Canción de cuna para Julieta
45%
9 El ignorante
45%
5 Esa invisible línea
45%
8 Imposible
45%
12 Ojalá se los lleve
45%
12 Tiempo perdido
45%
7 Todo eso
45%
4 Algo peor, algo mejor
36%
8 Siempre un poco más
36%
Sed 2001
27%
Presión 2003
27%
Rocanroles sin destino 2004
27%
Señales 2006
27%
Disco Escultura 2008
27%
No se encontraron pruebas coincidentes
Distribución de puntuación
Porcentaje de gente con cada puntuación
Porcentaje por número respondido
Historial de tus puntuaciones
No has intentado esta prueba.